00477nam a2200193 a 4500001001300000003000900013005001700022008004100039020001000080082001800090100001600108245003000124260005000154300000800204500003500212505001000247650001000257700001600267nice12345678IN_TiNIC20260116012525.0050524s0000 goda grp 000 0 eng  ac10000a294.5921bMEH aMeher, Baba aReoriented Vedanta Centre aGodavaribMeher Chaitanya Niketan Trustc0000 a20p aincludes index and biblioraphy2 aindex aVedas1 aMeher, Baba